| 000 | 00796nam a22002057a 4500 | ||
|---|---|---|---|
| 999 |
_c1359 _d1359 |
||
| 003 | AR-CdUCM | ||
| 008 | 190226b ||||| |||| 00| 0 spa d | ||
| 040 |
_aMUNICIPALIDAD PROVINCIAL DEL CUSCO _cBIBLIOTECA MUNICIPAL DEL CUSCO |
||
| 082 |
_a341.4 / _bM64 |
||
| 100 |
_aMiro Quesada, Francisco _95199 |
||
| 245 | _aProblemas fundamentales de la lógica jurídica / | ||
| 260 |
_aLima : _bTipografía Peruana , _c1956. |
||
| 300 |
_a109 páginas ; _c22 cm. |
||
| 440 |
_aBiblioteca de la sociedad Peruana de Filosofia _95200 |
||
| 505 | _aSentido y tarea de la lógica jurídica -- Aplicación de un sistema deductivo -- La posición de Kant - Teorías de Petrascheck... | ||
| 650 |
_aFilosofía Jurídica. _95201 |
||
| 650 |
_aE. Kant. _95202 |
||
| 942 |
_2ddc _cLIBROS |
||
| 945 |
_awfj _d2019-02-26 |
||